Welcome to the Holygrace Academy Library

Please use search bar below to get started

SPECTRUM + LOGO (Record no. 1658)

MARC details
000 -LEADER
fixed length control field 00313nam a22001337a 4500
020 ## - INTERNATIONAL STANDARD BOOK NUMBER
ISBN 0-907563-65-1
082 ## - DEWEY DECIMAL CLASSIFICATION NUMBER
Classification number 004
Item number HAR/S
100 ## - MAIN ENTRY--AUTHOR NAME
Personal name HARTNELL, TIM
245 ## - TITLE STATEMENT
Title SPECTRUM + LOGO
260 ## - PUBLICATION, DISTRIBUTION, ETC. (IMPRINT)
Place of publication LONDON
Name of publisher INTERFACE PUBLICATIONS
Year of publication 1985
300 ## - PHYSICAL DESCRIPTION
Number of Pages 64
650 ## - SUBJECT ADDED ENTRY--TOPICAL TERM
Topical Term COMPUTER SCIENCE REFERENCE
Geographic subdivision INDIA
942 ## - ADDED ENTRY ELEMENTS (KOHA)
Koha item type Books
Holdings
Withdrawn status Lost status Collection code Home library Current library Shelving location Date acquired Source of acquisition Full call number Accession Number Koha item type
    Reference Main Library Main Library SHELF-5- I - REFERENCE ECONOMICS COMPUTER SCIENCE 17/05/2004 purchase 004 HAR/S 00944 Books